[Event "Krakow op-C 22nd"]
[Site "Krakow"]
[Date "2012.01.03"]
[Round "8"]
[White "Iwinski, Bartosz"]
[Black "Dworak, Leszek"]
[Result "0-1"]
[WhiteElo "1438"]
[BlackElo "1659"]
[PlyCount "20"]
[EventDate "2011.12.27"]
[EventType "swiss"]
[EventRounds "9"]
[EventCountry "POL"]
[SourceTitle "CBM 146 Extra"]
[Source "ChessBase"]
[SourceDate "2012.02.29"]
[SourceVersion "1"]
[SourceVersionDate "2012.02.29"]
[SourceQuality "1"]

1. d4 d5 2. c4 e6 3. Nc3 Nf6 4. Bg5 Nbd7 5. e3 c6 6. Nf3 Qa5 7. Nd2 Bb4 8. Qc2 0-0 9. Bd3 dxc4 10. Nxc4 Qxg5 0-1

[Event "Pilzno op 4th"]
[Site "Pilzno"]
[Date "2010.06.04"]
[Round "3"]
[White "Jalowiec, Halina"]
[Black "Dworak, Leszek"]
[Result "1-0"]
[WhiteElo "2048"]
[BlackElo "1675"]
[PlyCount "69"]
[EventDate "2010.06.03"]
[EventType "swiss"]
[EventRounds "7"]
[EventCountry "POL"]
[SourceTitle "CBM 136 Extra"]
[Source "ChessBase"]
[SourceDate "2010.07.02"]
[SourceVersion "2"]
[SourceVersionDate "2010.07.15"]
[SourceQuality "1"]

1. e4 c5 2. Nf3 d6 3. d4 cxd4 4. Nxd4 Nf6 5. Nc3 a6 6. Bg5 e6 7. f4 Qb6 8. Nb3 Nbd7 9. Qf3 Qc7 10. g4 b5 11. Bxf6 Nxf6 12. g5 Nd7 13. a3 Bb7 14. Bd3 Be7 15. h4 f5 16. 0-0-0 0-0-0 17. Rhe1 Kb8 18. Qe3 fxe4 19. Bxe4 d5 20. Bxd5 Bd6 21. Qxe6 Bxf4+ 22. Kb1 Nb6 23. Bxb7 Kxb7 24. Na5+ Ka8 25. Qe4+ Nd5 26. Rxd5 Rxd5 27. Qxd5+ Ka7 28. Re7 Qxe7 29. Nc6+ Kb6 30. Nxe7 Rf8 31. Qc6+ Ka7 32. Ncd5 Bg3 33. Qb6+ Ka8 34. Qxa6+ Kb8 35. Nc6# 1-0

[Event "POL-ch disabled"]
[Site "Chotowa"]
[Date "2007.05.31"]
[Round "9.20"]
[White "Cyboran, Katarzyna"]
[Black "Dworak, Leszek"]
[Result "0-1"]
[WhiteElo "1770"]
[BlackElo "1650"]
[PlyCount "22"]
[EventDate "2007.05.26"]
[EventType "swiss"]
[EventRounds "9"]
[EventCountry "POL"]
[SourceTitle "EXT 2023"]
[Source "ChessBase"]
[SourceDate "2022.10.05"]
[SourceVersion "1"]
[SourceVersionDate "2022.10.05"]
[SourceQuality "1"]

1. e4 c5 2. Nc3 Nc6 3. Bc4 e6 4. d3 Nf6 5. f4 d5 6. Bb3 b5 7. exd5 exd5 8. Nxb5 Qa5+ 9. Nc3 d4 10. Bd2 dxc3 11. Bxc3 Qb6 0-1

[Event "POL-ch disabled"]
[Site "Chotowa"]
[Date "2007.05.28"]
[Round "3.7"]
[White "Dworak, Leszek"]
[Black "Wojcieszyn, Zdzislaw"]
[Result "0-1"]
[WhiteElo "1650"]
[BlackElo "2171"]
[PlyCount "104"]
[EventDate "2007.05.26"]
[EventType "swiss"]
[EventRounds "9"]
[EventCountry "POL"]
[SourceTitle "EXT 2023"]
[Source "ChessBase"]
[SourceDate "2022.10.05"]
[SourceVersion "1"]
[SourceVersionDate "2022.10.05"]
[SourceQuality "1"]

1. d4 d5 2. c4 c6 3. Nf3 Nf6 4. Nc3 e6 5. e3 Be7 6. Bd3 dxc4 7. Bxc4 b5 8. Bd3 a6 9. 0-0 c5 10. e4 cxd4 11. Nxd4 Bb7 12. e5 Nfd7 13. Bf4 Nc5 14. Bc2 Nc6 15. Nxc6 Bxc6 16. Qe2 Qc7 17. Rac1 Qb7 18. Qg4 Kf8 19. Bg5 Bxg5 20. Qxg5 h6 21. Qe3 Nd7 22. Be4 Rc8 23. Bxc6 Rxc6 24. Qe4 Qc8 25. Ne2 Nc5 26. Qf3 Rc7 27. b4 Nb7 28. Rxc7 Qxc7 29. Rc1 Qd7 30. Nd4 Nd8 31. Nc6 Nxc6 32. Rxc6 Ke7 33. Rd6 Qc7 34. Qe3 Rc8 35. Rd1 Qc2 36. Qd4 Kf8 37. Qd6+ Kg8 38. Qd7 Rc7 39. Qd8+ Kh7 40. h3 Rc4 41. a3 Qf5 42. Qd3 Qxd3 43. Rxd3 Re4 44. Rd6 Rxe5 45. Rxa6 Re1+ 46. Kh2 Ra1 47. Ra5 g5 48. Kg3 Kg6 49. Kf3 f5 50. g4 f4 51. Rxb5 Rxa3+ 52. Kg2 Kf6 0-1

[Event "POL-ch disabled"]
[Site "Chotowa"]
[Date "2007.05.27"]
[Round "2.6"]
[White "Cylwik, Zbigniew"]
[Black "Dworak, Leszek"]
[Result "1/2-1/2"]
[WhiteElo "2066"]
[BlackElo "1650"]
[PlyCount "115"]
[EventDate "2007.05.26"]
[EventType "swiss"]
[EventRounds "9"]
[EventCountry "POL"]
[SourceTitle "EXT 2023"]
[Source "ChessBase"]
[SourceDate "2022.10.05"]
[SourceVersion "1"]
[SourceVersionDate "2022.10.05"]
[SourceQuality "1"]

1. d4 d5 2. c4 e6 3. Nc3 Nf6 4. Bg5 Nbd7 5. e3 c6 6. cxd5 exd5 7. Nf3 Be7 8. Bd3 0-0 9. 0-0 Re8 10. Qc2 Nf8 11. Bxf6 Bxf6 12. b4 a6 13. a4 Bg4 14. b5 Bxf3 15. gxf3 g6 16. bxc6 bxc6 17. Ne2 Qd7 18. Ng3 Bg7 19. Rfc1 Rec8 20. Qe2 Qa7 21. Rab1 Ne6 22. Qa2 a5 23. Bf1 Rab8 24. Rxb8 Qxb8 25. Rb1 Qc7 26. f4 f5 27. Qb3 Bf8 28. Qb7 Bb4 29. Qxc7 Rxc7 30. h4 h5 31. Kg2 c5 32. dxc5 Rxc5 33. Rd1 Kf7 34. Ne2 Ke7 35. Rc1 Rxc1 36. Nxc1 d4 37. Nd3 Bc3 38. Kf3 Kf6 39. Be2 Bd2 40. Bd1 Bc3 41. Bb3 Ke7 42. Bc4 Kf6 43. Bb5 Nc7 44. Bc4 Ne8 45. Bd5 Nd6 46. Nc5 Ke7 47. Ke2 Nc8 48. Bb3 Kd6 49. Nd3 Ne7 50. Bf7 dxe3 51. fxe3 Kc6 52. Kf3 Kd6 53. e4 fxe4+ 54. Kxe4 Bf6 55. Ne5 Bxh4 56. Nxg6 Be1 57. Ne5 Bc3 58. Nc4+ 1/2-1/2